Supergirl - Statistics

General Stats
  • This quiz has been taken 160 times
  • The average score is 8 of 19
Answer Stats
Hint!!! Answers % Correct
Super hero. National citys " Girl of Steel" Kara Danvers/Supergirl
99%
Adopted Sister. Works at the DEO Alex Danvers/ Badass
91%
Head of the DEO. Refugee from mars Hank Henshaw/ J'onn J'onzz
62%
Head of Cat Grant after she leaves James Olsen/ Gaurdian
60%
Kara/Supergirl cousin. Super as well. Superman/ Clark Kent
60%
Catco world wide media is her buissness and she is the " Boss Lady" Cat Grant
57%
Helped Kara with her Super Suit Winn Schott
48%
Superhero. From another Demention. Kara goes to his wedding. Flash/ Barry Allen
46%
Really Smart. From the Furture Brainiac 5
39%
Sams Daughter. Alexs loves her. Good Girl. Ruby Arias
31%
Was Reign. Kara and Lenas friend. Daughter Ruby. Samantha Arias
31%
Came from a criminal family. Karas best friend Lena Luther
27%
Lenas Criminal Brother. In jail for most of the show. Lex Luther
27%
Was Alex's love intrest. Broke up because Alexs wants kids and she didnt Maggie Sawyer
27%
Mon-el wife from the future. Imra
25%
Lenas Criminal mother. Cadmus Leader. Lillian Luther
21%
Karas adopted dad. Alexs Dad. Jerimiah
8%
Kara/Supergirls love intrest Mon-El from daxam
5%
Monels mom. Bounty was placed on karas head because of her. Reha
4%
No matching quizzes found
Score Distribution
Percent of People with Each Score
Percentile by Number Answered
Your Score History
You have not taken this quiz